00554 2200193 4500001002100000005001500021008004100036020002200077035001900099041000700118082001000125090001600135100002000151700002500171245007700196260002400273300003500297650002800332INLIS00000000000768720241224113520241224||||||||| | ||| |||| || |  a978-979-3714-84-4 0010-1224007687 aid0 a373.1 a373.1 TIM p0 aTim kalisa Pena0 aTim Ahli Hikmah Ilmu00aPaket 3 in 1 Siap Ulangan Harian dan Semester IPS Kelas VIII B Untuk SMP aBogorbHikmahc2009 a29x21 cm, ii, 102 hlm.; ilus.: 0aIlmu Pengetahuan Sosial